Loading...
| Science - Biology | 0 | 10 | 1 | 2 | 95 | 39 | 78.70 | 2 | 6 | 0.00 | 0.00 |
| Painting & Sculpture | 0 | 5 | 1 | 2 | 45 | 99 | 129.00 | 0 | 0 | 0.00 | 0.00 |
| Literature - British | 0 | 5 | 2 | 2 | 40 | 108 | 127.40 | 0 | 0 | 0.00 | 0.00 |
| Literature - American | 0 | 4 | 0 | 0 | 40 | 90 | 111.75 | 0 | 1 | 0.00 | 0.00 |
| Literature - European | 0 | 3 | 0 | 1 | 30 | 114 | 130.00 | 0 | 0 | 0.00 | 0.00 |
| Literature - World | 0 | 3 | 1 | 1 | 25 | 117 | 134.67 | 0 | 0 | 0.00 | 0.00 |
| Fine Arts - Other | 0 | 3 | 1 | 0 | 25 | 91 | 106.67 | 0 | 0 | 0.00 | 0.00 |
| Current Events | 0 | 2 | 0 | 0 | 20 | 57 | 60.00 | 0 | 1 | 0.00 | 0.00 |
| Religion | 0 | 2 | 0 | 0 | 20 | 47 | 92.00 | 0 | 1 | 0.00 | 0.00 |
| History - American | 0 | 2 | 1 | 2 | 15 | 132 | 132.50 | 0 | 0 | 0.00 | 0.00 |
| Science - Chemistry | 0 | 2 | 1 | 0 | 15 | 73 | 75.50 | 0 | 0 | 0.00 | 0.00 |
| Social Science | 0 | 1 | 0 | 0 | 10 | 95 | 95.00 | 0 | 0 | 0.00 | 0.00 |
| Fine Arts - Classical Music | 0 | 1 | 0 | 0 | 10 | 120 | 120.00 | 0 | 0 | 0.00 | 0.00 |
| Geography | 0 | 1 | 0 | 0 | 10 | 127 | 127.00 | 0 | 0 | 0.00 | 0.00 |
| History - World | 0 | 1 | 0 | 0 | 10 | 125 | 125.00 | 0 | 0 | 0.00 | 0.00 |
| Philosophy | 0 | 1 | 0 | 0 | 10 | 132 | 132.00 | 0 | 0 | 0.00 | 0.00 |
| Science - Physics | 0 | 1 | 0 | 0 | 10 | 92 | 92.00 | 0 | 0 | 0.00 | 0.00 |
| Science - Other | 0 | 0 | 1 | 0 | -5 | 0.00 | 0 | 0 | 0.00 | 0.00 | |
| Any History | 0 | 0 | 1 | 0 | -5 | 0.00 | 0 | 0 | 0.00 | 0.00 | |
| Other Academic | 0 | 0 | 1 | 0 | -5 | 0.00 | 0 | 0 | 0.00 | 0.00 |